MARC-Details
| 000 -Satzkennung |
| Kontrollfeld mit fester Länge |
01870nad a2200445 a 4500 |
| 001 - Kontrollnummer |
| Kontrollfeld |
MIU01000000000000012353903 |
| 003 - Kontrollnummer Identifier |
| Kontrollfeld |
MiU |
| 005 - Datum und Zeit der letzten Transaktion |
| Kontrollfeld |
20231010141512.0 |
| 007 - Feld mit fester Länge zur physischen Beschreibung - Allgemeine Information |
| Kontrollfeld mit fester Länge |
cr mnummmmuuuu |
| 008 - Feld mit fester Länge zur physischen Beschreibung - Allgemeine Angaben |
| Kontrollfeld mit fester Länge |
080626s2009 nju sb 001 0 eng d |
| 024 7# - Anderer Standardidentifier |
| Standardnummer oder Code |
2027/heb31282 |
| Quelle der Nummer oder des Codes |
hdl |
| 040 ## - Katalogisierungsquelle |
| Original-Katalogisierungsstelle |
NyNyACL |
| Übertragungsstelle |
NyNyACL |
| 090 ## - LOCALLY ASSIGNED LC-TYPE CALL NUMBER (OCLC); LOCAL CALL NUMBER (RLIN) |
| Notation (OCLC) (R) ; Notation, CALL (RLIN) (NR) |
KF228.A653 |
| Local cutter number (OCLC) ; Book number/undivided call number, CALL (RLIN) |
(INTERNET) |
| 041 ## - Sprachcode |
| Sprachcode des Textes/der Tonspur oder des separaten Titels |
eng |
| 100 1# - Haupteintragung - Personenname |
| Personenname |
Sullivan, Winnifred Fallers, |
| Datumsangaben in Verbindung mit einem Namen |
1950- |
| Koha-Normdatenidentnummer |
50304 |
| 245 10 - Titel |
| Titel |
Prison religion |
| Medium |
[electronic resource] : |
| Zusatz zum Titel |
faith-based reform and the constitution / |
| Verfasserangabe etc. |
Winnifred Fallers Sullivan. |
| 264 ## - Produktion, Veröffentlichung, Distribution, Herstellung und Urheberrechtsvermerk |
| Herstellungs-, Veröffentlichungs- Vertriebs-, Erzeugungsort |
Princeton : |
| Produzent, Herausgeber, Distributor, Hersteller |
Princeton University Press, |
| Datum der Herstellung, der Veröffentlichung, des Vertriebs oder des Urheberschutzvermerks |
c2009. |
| 300 ## - Physische Beschreibung |
| Umfang |
x, 305 p. ; |
| Maße |
24 cm. |
| 336 ## - Inhaltstyp |
| Quelle |
rdacontent |
| Inhaltstypcode |
txt |
| Inhaltstypterm |
Text |
| 337 ## - Medientyp |
| Quelle |
rdamedia |
| Medientypcode |
bc |
| Bezeichnung des Medientyps |
Computermedien |
| 338 ## - Datenträgertyp |
| Quelle |
rdacarrier |
| Datenträgertypcode |
cr |
| Datenträgertypbezeichnung |
Online Ressource |
| 504 ## - Fußnote zu Literaturverzeichnissen usw. |
| Fußnote zu Bibliographien usw. |
Includes bibliographical references (p. [273]-291) and index. |
| 505 0# - Fußnote zu strukturierten Inhaltsangaben |
| Fußnote zu strukturierten Inhaltsangaben |
The God pod -- A prison like no other -- Biblical justice -- The way we live now -- Beyond church and state. |
| 500 ## - Allgemeine Fußnote |
| Allgemeine Fußnote |
E-Book-ACLS / Zugriff nur im DHI-Lesesaal |
| 500 ## - Allgemeine Fußnote |
| Allgemeine Fußnote |
American Council of Learned Societies/ https://www.humanitiesebook.org/about/ |
| 610 20 - Nebeneintragung unter einem Schlagwort - Körperschaftsname |
| Körperschafts- oder Gebietskörperschaftsname als Eintragungselement |
Americans United for Separation of Church and State |
| Unterteilung nach Form |
Trials, litigation, etc. |
| Koha-Normdatenidentnummer |
50305 |
| 610 20 - Nebeneintragung unter einem Schlagwort - Körperschaftsname |
| Körperschafts- oder Gebietskörperschaftsname als Eintragungselement |
InnerChange Freedom Initiative |
| Unterteilung nach Form |
Trials, litigation, etc. |
| Koha-Normdatenidentnummer |
50306 |
| 610 20 - Nebeneintragung unter einem Schlagwort - Körperschaftsname |
| Körperschafts- oder Gebietskörperschaftsname als Eintragungselement |
Prison Fellowship |
| Unterteilung nach Form |
Trials, litigation, etc. |
| Koha-Normdatenidentnummer |
50307 |
| 650 #0 - Nebeneintragung unter einem Schlagwort - Sachschlagwort |
| Allgemeine Unterteilung |
Law and legislation |
| Geografische Unterteilung |
United States |
| Unterteilung nach Form |
Cases. |
| Koha-Normdatenidentnummer |
50308 |
| 650 #0 - Nebeneintragung unter einem Schlagwort - Sachschlagwort |
| Geografische Unterteilung |
United States |
| Unterteilung nach Form |
Cases. |
| Koha-Normdatenidentnummer |
50309 |
| 650 #0 - Nebeneintragung unter einem Schlagwort - Sachschlagwort |
| Allgemeine Unterteilung |
Rehabilitation |
| Geografische Unterteilung |
Iowa. |
| Koha-Normdatenidentnummer |
50310 |
| 651 #0 - Nebeneintragung unter einem Schlagwort - Geografischer Name |
| Geografischer Name |
Iowa |
| Unterteilung nach Form |
Trials, litigation, etc. |
| Koha-Normdatenidentnummer |
50311 |
| 653 ## - Indexierungsterm - Nicht normiert |
| Nicht-normierter Term |
Religious work with prisoners |
| 653 ## - Indexierungsterm - Nicht normiert |
| Nicht-normierter Term |
Church and state |
| 653 ## - Indexierungsterm - Nicht normiert |
| Nicht-normierter Term |
Criminals |
| 830 #0 - Nebeneintragung unter dem Gesamttitel - Einheitstitel |
| Einheitstitel |
ACLS Fellows’ publications. |
| Koha-Normdatenidentnummer |
50312 |
| 830 #0 - Nebeneintragung unter dem Gesamttitel - Einheitstitel |
| Einheitstitel |
ACLS Humanities E-Book. |
| Koha-Normdatenidentnummer |
50313 |
| 856 40 - Elektronische Adresse und Zugriff |
| OPAC-Notiz |
Volltext |
| URL |
<a href="https://hdl.handle.net/2027/heb31282">https://hdl.handle.net/2027/heb31282</a> |
| 942 ## - Zusätzliche Felder (Koha) |
| Koha-Medientyp |
E-Books |